Statistics for PR16-大阪メトロの駅

Click here to take the quiz!

General Stats

  • This quiz has been taken 754 times
  • The average score is 87 of 133

Answer Stats

本線% Correct
梅田
98%
難波
96%
新大阪
96%
天王寺
96%
中百舌鳥
95%
動物園前
92%
西梅田
91%
東梅田
90%
中津
89%
淀屋橋
88%
心斎橋
88%
谷町四丁目
88%
天神橋筋六丁目
88%
江坂
88%
本町
86%
今里
86%
西中島南方
86%
谷町六丁目
84%
谷町九丁目
84%
天下茶屋
81%
日本橋
80%
コスモスクエア
80%
大国町
80%
鶴橋
79%
住之江公園
78%
京橋
78%
八尾南
77%
野田阪神
77%
大正
77%
大日
76%
堺筋本町
76%
我孫子
76%
鶴見緑地
76%
森ノ宮
74%
四ツ橋
73%
大阪港
72%
東三国
70%
弁天町
70%
南巽
70%
長田
69%
新金岡
68%
門真南
67%
天満橋
67%
四天王寺前夕陽ヶ丘
66%
長居
66%
喜連瓜破
66%
長堀橋
65%
ドーム前千代崎
64%
南森町
64%
九条
64%
守口
64%
大阪ビジネスパーク
63%
北巽
62%
阿倍野
60%
北浜
59%
阿波座
58%
玉出
58%
肥後橋
57%
岸里
56%
関目高殿
56%
昭和町
56%
都島
55%
野江内代
55%
恵美須町
54%
北花田
54%
太子橋今市
54%
桜川
53%
西田辺
53%
文の里
53%
関目成育
53%
井高野
53%
玉造
53%
扇町
53%
朝潮橋
53%
高井田
52%
緑橋
51%
北加賀屋
51%
蒲生四丁目
50%
平野
49%
中崎町
49%
フェリーターミナル
49%
ポートタウン東
49%
トレードセンター前
48%
ポートタウン西
48%
松屋町
47%
西長堀
47%
中ふ頭
46%
千林大宮
44%
玉川
43%
だいどう豊里
42%
今福鶴見
41%
横堤
41%
田辺
41%
鴫野
41%
駒川中野
40%
深江橋
40%
長原
39%
出戸
39%
瑞光四丁目
39%
西大橋
38%
清水
38%
南港東
38%
南港口
37%
平林
36%
花園町
36%
小路
33%
新深江
33%
新森古市
31%

Score Distribution

Percentile by Number Answered

Percent of People with Each Score

Your Score History

You have not taken this quiz